| 000 | 01073nam a22003497a 4500 | ||
|---|---|---|---|
| 999 |
_c20540 _d20540 |
||
| 005 | 20191030120854.0 | ||
| 008 | 191030b xxu||||| |||| 00| 0 spa d | ||
| 020 | _a9788968112577 | ||
| 040 |
_aCO-BoIAVH _cCO-BoIAVH |
||
| 041 | _aeng | ||
| 044 | _ako | ||
| 082 |
_a333.9507 _bR87a |
||
| 100 | _aRunzhi, Zhang | ||
| 245 | _aAnimals of Yanji, China. | ||
| 260 |
_aIncheon: _bNational Institute of Biological Resources, _c2016. |
||
| 300 |
_a374 Páginas: _bfotografías, _c22 x 15 cm. |
||
| 650 | 0 | _aGuía Ilustrada | |
| 650 | 0 | _aCatálogo especies | |
| 650 | 0 | _aInvestigación ambiental | |
| 651 | 0 |
_aYanji _zRepública de China |
|
| 700 | _aSuh, Min-Hwan | ||
| 700 | _aOh, Kyoung-Hee | ||
| 700 | _aKang, Jae-Shin | ||
| 700 | _aHyun, Chang-Woo | ||
| 700 | _aLee, Jaeho | ||
| 700 | _aJeon, Mi-Jeong | ||
| 700 | _aShin, Ayoung | ||
| 700 | _aOh, Sunhye | ||
| 700 | _aPark, Yu-Jin | ||
| 700 | _aKwon, Ohseok | ||
| 942 |
_2ddc _cLIBRO |
||